[Event "Pardubice Open A"]
[Site "?"]
[Date "2015.07.24"]
[Round "1.52"]
[White "ROUS, Daniel"]
[Black "ALI MARANDI, Cemil Can"]
[Result "0-1"]
[WhiteElo "2201"]
[BlackElo "2431"]
[PlyCount "136"]
[EventDate "2015.??.??"]
[WhiteClock "0:05:38"]
[BlackClock "0:55:48"]

1. d4 Nf6 2. c4 c6 3. Nc3 d5 4. Nf3 a6 5. e3 e6 6. Qc2 Nbd7 7. b3 Bd6 8. Be2
O-O 9. O-O e5 10. cxd5 cxd5 11. dxe5 Nxe5 12. Rd1 Bg4 13. Nxe5 Bxe5 14. Bxg4
Nxg4 15. h3 Rc8 16. Bb2 Nxf2 17. Qxf2 Bxc3 18. Bxc3 Rxc3 19. Qd2 Qc7 20. Rac1
Rxc1 21. Qxc1 Qe5 22. Qc5 Rd8 23. Qd4 Qxd4 24. Rxd4 f5 25. Kf2 Kf7 26. Rb4 b5
27. a4 Rb8 28. Ke2 Ke6 29. Kd3 Kd6 30. Rf4 bxa4 31. bxa4 Rb3+ 32. Ke2 Ke6 33.
g4 fxg4 34. Rxg4 Rb7 35. h4 a5 36. h5 Kd6 37. Kd3 Kc5 38. Kc3 Re7 39. Kd3 h6
40. Rg1 Rb7 41. Kc3 Rc7 42. Rg6 Re7 43. Ra6 Rxe3+ 44. Kd2 Rg3 45. Rxa5+ Kd4 46.
Ra7 Rg2+ 47. Ke1 Kd3 48. a5 d4 49. a6 Rg5 50. Re7 Rxh5 51. Rxg7 Rh1+ 52. Kf2
Ra1 53. a7 Kd2 54. Rd7 d3 55. Rb7 Kc2 56. Rd7 Kd2 57. Rb7 Ra6 58. Rd7 h5 59.
Kf3 Ra4 60. Rh7 Kd1 61. Ke3 d2 62. Rd7 Ra3+ 63. Rd3 Rxd3+ 64. Kxd3 Ke1 65. a8=Q
d1=Q+ 66. Ke3 Qd2+ 67. Kf3 Qf2+ 68. Ke4 Qg2+ 0-1

[Event "Pardubice Open A"]
[Site "?"]
[Date "2015.07.24"]
[Round "1.53"]
[White "AKESSON, Ralf"]
[Black "UTIATSKAJA, Irina"]
[Result "1-0"]
[WhiteElo "2428"]
[BlackElo "2200"]
[PlyCount "119"]
[EventDate "2015.??.??"]
[WhiteClock "0:09:19"]
[BlackClock "0:04:37"]

1. Nf3 d5 2. d4 Nf6 3. c4 e6 4. g3 dxc4 5. Bg2 Nc6 6. Qa4 Bb4+ 7. Bd2 Nd5 8.
Bxb4 Ndxb4 9. a3 b5 10. Qxb5 Nc2+ 11. Kd2 Bd7 12. Kxc2 Nxd4+ 13. Nxd4 Bxb5 14.
Nxb5 Rb8 15. N1c3 O-O 16. Rab1 a6 17. Rhd1 Qf6 18. Ne4 Qe5 19. Nbc3 Rfd8 20. e3
Qa5 21. h3 h6 22. Bf1 Rxd1 23. Rxd1 Qb6 24. Rb1 Qb3+ 25. Kc1 Rd8 26. Nd2 Qb7
27. Kc2 a5 28. h4 Kf8 29. Be2 Ke7 30. Nxc4 a4 31. Nd2 g5 32. hxg5 hxg5 33. Rd1
Qg2 34. Rf1 Qa8 35. Nde4 f6 36. Nc5 Rh8 37. Rd1 Rd8 38. Rxd8 Qxd8 39. Bc4 Qd6
40. Nxe6 Qc6 41. Bd5 Qa6 42. Nd4 Qf1 43. f3 Qf2+ 44. Kb1 Kd7 45. Nxa4 Qxe3 46.
Nc5+ Ke8 47. Bc6+ Kf7 48. Ncb3 Qe1+ 49. Ka2 Qxg3 50. a4 g4 51. fxg4 Qxg4 52. a5
Qc8 53. Nc5 Qb8 54. Ka3 f5 55. Nxf5 Qh8 56. Nb3 Kf6 57. Nfd4 Ke5 58. a6 Qb8 59.
Bb7 Qf8+ 60. Ka2 1-0

[Event "Pardubice Open A"]
[Site "?"]
[Date "2015.07.24"]
[Round "1.54"]
[White "WOZNIAK, Mariola"]
[Black "STELLA, Andrea"]
[Result "1/2-1/2"]
[WhiteElo "2199"]
[BlackElo "2427"]
[PlyCount "66"]
[EventDate "2015.??.??"]
[WhiteClock "0:03:11"]
[BlackClock "0:03:05"]

1. e4 c5 2. Nf3 e6 3. d4 cxd4 4. Nxd4 Nf6 5. Bd3 Nc6 6. Nb3 a5 7. a4 d5 8. exd5
Nxd5 9. c3 Bd6 10. O-O O-O 11. Na3 Bc7 12. Nb5 Bb6 13. Qe2 e5 14. Rd1 Qh4 15.
g3 Qh3 16. Qf1 Qxf1+ 17. Bxf1 Be6 18. Nd2 Rad8 19. Ne4 Nde7 20. Be3 Bxe3 21.
fxe3 Nf5 22. Kf2 Bb3 23. Rxd8 Rxd8 24. Bh3 Nce7 25. g4 Bc2 26. Bg2 Nh4 27. Bh1
f5 28. Ned6 fxg4 29. Bxb7 Nef5 30. Bd5+ Kf8 31. Nxf5 Nxf5 32. e4 Ne7 33. Nc7
Rb8 1/2-1/2

[Event "Pardubice Open A"]
[Site "?"]
[Date "2015.07.24"]
[Round "1.55"]
[White "GAGARE, Shardul"]
[Black "KASSANI, Sam"]
[Result "1-0"]
[WhiteElo "2425"]
[BlackElo "2194"]
[PlyCount "159"]
[EventDate "2015.??.??"]
[WhiteClock "0:01:27"]
[BlackClock "0:00:36"]

1. d4 d5 2. c4 c6 3. Nc3 Nf6 4. e3 a6 5. Nf3 Bg4 6. Be2 e6 7. O-O Nbd7 8. h3
Bxf3 9. Bxf3 dxc4 10. Qe2 Bd6 11. Qxc4 O-O 12. Rd1 h6 13. g3 Qe7 14. Bg2 e5 15.
dxe5 Nxe5 16. Qe2 Bc5 17. b3 Rad8 18. Bb2 Ba3 19. Kh2 Bxb2 20. Qxb2 Rxd1 21.
Rxd1 Rd8 22. Rxd8+ Qxd8 23. Ne2 Qe7 24. Qc3 Ned7 25. Qd4 Qc5 26. Qd2 Qe7 27.
Nd4 g6 28. Qa5 Kg7 29. Qc3 Qc5 30. Qd2 Qe7 31. b4 c5 32. bxc5 Nxc5 33. Qb4 Qc7
34. Qc3 Qe7 35. Qb4 Qc7 36. Nb3 Nxb3 37. axb3 b6 38. Qd4 a5 39. e4 Qc5 40. Qb2
Qe7 41. e5 Nd7 42. e6+ Nf6 43. exf7 Qxf7 44. Bf1 Kh7 45. Qd4 Nd7 46. Bc4 Qe7
47. Qd5 Qg7 48. Qd6 Ne5 49. Bb5 Nf3+ 50. Kg2 Nd4 51. Qxb6 Nxb3 52. Bd3 a4 53.
h4 h5 54. Qb5 Kg8 55. Qxa4 Nd4 56. Qa8+ Kh7 57. Qd5 Kh8 58. Bxg6 Qxg6 59. Qxd4+
Kh7 60. Qd7+ Kh8 61. Qd5 Kh7 62. Kh2 Kh8 63. Qc4 Qf6 64. Qf4 Qg6 65. Qg5 Qf7
66. Qe5+ Kh7 67. Kg2 Qg6 68. Kf3 Qg4+ 69. Ke3 Qd1 70. Qe4+ Kg8 71. Qg6+ Kh8 72.
Kf4 Qd2+ 73. Kf3 Qd1+ 74. Kg2 Qd5+ 75. Kh2 Qf3 76. Qh6+ Kg8 77. Qe3 Qd1 78. Qe4
Kh8 79. Kg2 Kg8 80. Qf3 1-0

[Event "Pardubice Open A"]
[Site "?"]
[Date "2015.07.24"]
[Round "1.56"]
[White "DOVZHENKO, Viktor"]
[Black "ZUMSANDE, Martin"]
[Result "0-1"]
[WhiteElo "2189"]
[BlackElo "2423"]
[PlyCount "134"]
[EventDate "2015.??.??"]
[WhiteClock "0:02:02"]
[BlackClock "0:14:34"]

1. e4 e6 2. d4 d5 3. exd5 exd5 4. Nc3 Nf6 5. Bd3 c5 6. dxc5 Bxc5 7. h3 O-O 8.
Qf3 Re8+ 9. Nge2 d4 10. Ne4 Nxe4 11. Bxe4 Qe7 12. Bd3 Nc6 13. Bf4 Nb4 14. Kf1
Bd7 15. Ng3 Nxd3 16. cxd3 Bc6 17. Qg4 Bb5 18. Qf3 Qe6 19. Kg1 Bb6 20. Kh2 Qg6
21. Rhd1 Rac8 22. a4 Bc6 23. Qg4 a5 24. Rd2 Bc5 25. Nf5 Rcd8 26. Rc2 Rd5 27.
Qxg6 hxg6 28. Ng3 Bb4 29. Bd2 Bd6 30. f4 g5 31. Ne4 Bxf4+ 32. Bxf4 gxf4 33. Rf2
Rde5 34. Nd6 R8e6 35. Nc4 Rf5 36. b3 g5 37. Raa2 Kg7 38. Kg1 Re1+ 39. Rf1 Re6
40. Rff2 Rc5 41. h4 f3 42. gxf3 gxh4 43. Rh2 Rg6+ 44. Rag2 Rh5 45. Kf2 Kf6 46.
Rh1 Rg3 47. Nd2 Rxg2+ 48. Kxg2 Kf5 49. Re1 Kf4 50. Kh2 h3 51. Re7 f5 52. Re1
Rh7 53. Re2 Bxf3 54. Rf2 Ke3 55. Rxf3+ Kxd2 56. Rxf5 Kxd3 57. Rxa5 Kc3 58. Rd5
d3 59. a5 d2 60. b4 Rh4 61. b5 Rd4 62. Rc5+ Kb4 63. Rc2 d1=Q 64. Rb2+ Kc3 65.
Ra2 Rg4 66. Kxh3 Qf3+ 67. Kh2 Rh4+ 0-1

[Event "Pardubice Open A"]
[Site "?"]
[Date "2015.07.24"]
[Round "1.57"]
[White "KOBO, Ori"]
[Black "BREMNER, Adam"]
[Result "1-0"]
[WhiteElo "2422"]
[BlackElo "2189"]
[PlyCount "69"]
[EventDate "2015.??.??"]
[WhiteClock "0:20:32"]
[BlackClock "0:04:45"]

1. d4 Nf6 2. c4 e6 3. Nc3 Bb4 4. f3 O-O 5. a3 Bxc3+ 6. bxc3 Ne8 7. e4 b6 8. Bd3
Ba6 9. Nh3 Nc6 10. O-O Na5 11. Qe2 c5 12. e5 f6 13. Ra2 Rc8 14. Rc2 Qe7 15. Rd1
cxd4 16. cxd4 d5 17. cxd5 Rxc2 18. Qxc2 Bxd3 19. Qxd3 exd5 20. Bd2 Qb7 21. Bxa5
bxa5 22. Rb1 Qe7 23. Qc3 fxe5 24. dxe5 a4 25. Rb4 Qd7 26. Qc5 Nc7 27. Rb7 Rc8
28. Nf4 Qd8 29. Qd6 Ne8 30. Qxd5+ Qxd5 31. Nxd5 Rc5 32. Rd7 Rc1+ 33. Kf2 Ra1
34. e6 Kf8 35. Rf7+ 1-0

[Event "Pardubice Open A"]
[Site "?"]
[Date "2015.07.24"]
[Round "1.58"]
[White "BARTHEL, Ansgar"]
[Black "PISCOPO, Pierluigi"]
[Result "1/2-1/2"]
[WhiteElo "2187"]
[BlackElo "2422"]
[PlyCount "78"]
[EventDate "2015.??.??"]
[WhiteClock "0:03:01"]
[BlackClock "0:01:08"]

1. e4 c5 2. Nf3 e6 3. d4 cxd4 4. Nxd4 a6 5. Bd3 g6 6. O-O Bg7 7. Be3 Ne7 8. Nc3
d5 9. exd5 exd5 10. Qd2 O-O 11. Nce2 Re8 12. f4 Bg4 13. f5 Nec6 14. fxg6 hxg6
15. c3 Nd7 16. Rae1 Nde5 17. h3 Nxd3 18. Qxd3 Bxe2 19. Rxe2 Re4 20. Nxc6 bxc6
21. Bf2 Qe7 22. Rfe1 f5 23. Rxe4 fxe4 24. Qg3 Qe6 25. Bd4 Bxd4+ 26. cxd4 Rf8
27. Rf1 Rxf1+ 28. Kxf1 Qf6+ 29. Ke2 Kg7 30. Ke3 g5 31. b4 Kh6 32. Qg4 a5 33.
bxa5 c5 34. dxc5 Qc3+ 35. Ke2 Qc4+ 36. Ke1 Qc1+ 37. Ke2 Qc4+ 38. Ke1 Qc1+ 39.
Ke2 Qc4+ 1/2-1/2

[Event "Pardubice Open A"]
[Site "?"]
[Date "2015.07.24"]
[Round "1.59"]
[White "GARCIA ROMAN, Daniel"]
[Black "KOLOLLI, Martin"]
[Result "1/2-1/2"]
[WhiteElo "2420"]
[BlackElo "2187"]
[PlyCount "289"]
[EventDate "2015.??.??"]
[WhiteClock "0:02:56"]
[BlackClock "0:03:34"]

1. d4 Nf6 2. c4 e6 3. Nc3 d5 4. cxd5 exd5 5. Bg5 Be7 6. e3 O-O 7. Bd3 Nbd7 8.
Nge2 Re8 9. O-O c6 10. Qc2 Nf8 11. f3 g6 12. Rad1 Ne6 13. Bh4 Nh5 14. Bf2 Bd6
15. Kh1 Qg5 16. Bg1 Qh4 17. Qd2 Bd7 18. Bc2 Rad8 19. e4 dxe4 20. fxe4 Bc8 21.
Qe3 c5 22. dxc5 Bxc5 23. Qf3 Ng5 24. g3 Nxf3 25. gxh4 Nxg1 26. Nxg1 Be6 27. Nd5
Bxd5 28. exd5 Bd6 29. Bb3 f5 30. Rd2 Re4 31. Nf3 Rde8 32. Rd4 Re2 33. Ba4 R8e7
34. Rg1 Rxb2 35. Rg2 Rxg2 36. Kxg2 Re2+ 37. Kf1 Rxa2 38. Rc4 Kg7 39. Bc2 Nf4
40. Bb3 Ra1+ 41. Kf2 Ra3 42. Nd4 Nxd5 43. Rc2 Nf6 44. Ke2 Ne4 45. Be6 Be5 46.
Nf3 Bc3 47. Bd5 Nd6 48. Kd3 Ba5+ 49. Ke2 Bb6 50. Kf1 h6 51. Re2 Ne4 52. Kg2 Nc3
53. Re7+ Kf8 54. Rf7+ Ke8 55. Be6 Ra5 56. Rxb7 Ne2 57. Bc4 Nf4+ 58. Kg3 Nh5+
59. Kg2 Rc5 60. Bf7+ Kf8 61. Nd4 Re5 62. Nc6 Re2+ 63. Kf1 Nf4 64. Bb3 Re3 65.
Rb8+ Kg7 66. Rb7+ Kf8 67. Rb8+ Re8 68. Rb7 Ne6 69. Ne5 Bc7 70. Nxg6+ Kg7 71. h5
Kf6 72. Bxe6 Rxe6 73. Rxc7 Kg5 74. h4+ Kg4 75. Rc4+ Kg3 76. Rc3+ Kg4 77. Kf2 f4
78. Rc4 Rf6 79. Rc5 f3 80. Ra5 Rf5 81. Rxa7 Kxh5 82. Rg7 Rf6 83. Ne5 Kxh4 84.
Nxf3+ Kh5 85. Rg1 Re6 86. Rg2 Re4 87. Rg3 Re6 88. Nd4 Re4 89. Ne2 Rg4 90. Ra3
Kg6 91. Kf3 Rc4 92. Nf4+ Kf5 93. Ra5+ Kf6 94. Kg4 h5+ 95. Rxh5 Ra4 96. Rf5+ Ke7
97. Kg5 Re4 98. Ra5 Kd6 99. Kf5 Re1 100. Rd5+ Kc6 101. Rd2 Re3 102. Nd3 Kd5
103. Ne5+ Kc5 104. Ke6 Re4 105. Rd5+ Kb4 106. Kd6 Rh4 107. Rd3 Rh8 108. Rg3
Rd8+ 109. Ke6 Rd2 110. Re3 Kc5 111. Re4 Rd6+ 112. Kf5 Rd1 113. Re2 Kd5 114. Nf3
Rd3 115. Re5+ Kd6 116. Re6+ Kd5 117. Ng5 Rd1 118. Re5+ Kd4 119. Ne6+ Kc4 120.
Rc5+ Kb4 121. Rc8 Rh1 122. Nf4 Rh7 123. Ke5 Rh1 124. Kd4 Rd1+ 125. Nd3+ Kb5
126. Rc3 Rh1 127. Kd5 Rh5+ 128. Ne5 Kb4 129. Rf3 Ka4 130. Kd4 Kb4 131. Rg3 Rh4+
132. Kd5 Rh5 133. Re3 Rf5 134. Rh3 Ka4 135. Kd4 Kb4 136. Nc6+ Kb5 137. Ne7 Rf4+
138. Kd5 Rg4 139. Rb3+ Rb4 140. Rc3 Rh4 141. Rc5+ Kb4 142. Nc6+ Kb3 143. Nd4+
Kb4 144. Rc4+ Ka3 145. Nb5+ 1/2-1/2

[Event "Pardubice Open A"]
[Site "?"]
[Date "2015.07.24"]
[Round "1.60"]
[White "ASEEVA, Marina"]
[Black "SELIVERSTOV, Vladimir"]
[Result "1/2-1/2"]
[WhiteElo "2184"]
[BlackElo "2420"]
[PlyCount "65"]
[EventDate "2015.??.??"]
[WhiteClock "0:10:05"]
[BlackClock "0:05:57"]

1. e4 c5 2. Nf3 g6 3. h4 Bg7 4. h5 Nc6 5. Bc4 gxh5 6. Nc3 Nf6 7. e5 Ng4 8. Rxh5
Ngxe5 9. Nxe5 Bxe5 10. Rf5 e6 11. Qh5 Qe7 12. Rxe5 Nxe5 13. Qxe5 f6 14. Qh5+
Kd8 15. d3 d5 16. Bb3 Bd7 17. Bf4 b5 18. O-O-O b4 19. Bxd5 exd5 20. Nxd5 Qe8
21. Qh4 Qf7 22. Nxf6 Kc8 23. Ne4 Qd5 24. Nd6+ Kc7 25. Nf7+ Kb7 26. Nxh8 Rxh8
27. Re1 Qxg2 28. Re5 Rc8 29. Qxh7 Qf1+ 30. Kd2 Qxf2+ 31. Kd1 Qf1+ 32. Re1 Qf3+
33. Re2 1/2-1/2

[Event "Pardubice Open A"]
[Site "?"]
[Date "2015.07.24"]
[Round "1.61"]
[White "BLAHYNKA, Martin"]
[Black "BARAEVA, Marina"]
[Result "1-0"]
[WhiteElo "2420"]
[BlackElo "2182"]
[PlyCount "87"]
[EventDate "2015.??.??"]
[WhiteClock "0:42:13"]
[BlackClock "0:11:18"]

1. d4 d5 2. c4 c6 3. Nc3 Nf6 4. Nf3 dxc4 5. a4 Bf5 6. Nh4 Bg4 7. h3 Bh5 8. g4
Bg6 9. Nxg6 hxg6 10. e4 e5 11. Bxc4 exd4 12. e5 Nd5 13. Qxd4 Bb4 14. e6 O-O 15.
exf7+ Rxf7 16. O-O Bxc3 17. bxc3 Qf6 18. Qxf6 gxf6 19. Rd1 Rd7 20. Rb1 Na6 21.
Be3 Kf7 22. Rxd5 cxd5 23. Rxb7 Rad8 24. Bxa6 Rxb7 25. Bxb7 Rd7 26. Bc6 Rd6 27.
Bb5 a6 28. Bd3 a5 29. Bb5 Ke6 30. Bf4 Rd8 31. Bc7 Ra8 32. Kf1 Ra7 33. Bb6 Ra8
34. Ke2 Kd6 35. Kf3 Ke5 36. h4 Ke6 37. Kf4 f5 38. gxf5+ gxf5 39. Bd3 Rf8 40. h5
Rh8 41. Bxf5+ Kf7 42. Bg6+ Ke6 43. Bd4 Rg8 44. Kg5 1-0

[Event "Pardubice Open A"]
[Site "?"]
[Date "2015.07.24"]
[Round "1.62"]
[White "VYKOUK, Jan"]
[Black "VOGEL, Roven"]
[Result "0-1"]
[WhiteElo "2182"]
[BlackElo "2420"]
[PlyCount "72"]
[EventDate "2015.??.??"]
[WhiteClock "0:13:28"]
[BlackClock "0:20:24"]

1. e4 d6 2. d4 Nf6 3. Nc3 g6 4. Be3 c6 5. Qd2 b5 6. f3 Nbd7 7. g4 Nb6 8. g5 Nh5
9. Bd3 e5 10. Nce2 Bg7 11. d5 Bd7 12. dxc6 Bxc6 13. O-O-O O-O 14. Ng3 Nf4 15.
h4 Rc8 16. Kb1 d5 17. N1e2 Ne6 18. Bxb6 Qxb6 19. h5 Rfd8 20. hxg6 hxg6 21. Nf5
Qc5 22. b4 Qf8 23. Nh6+ Bxh6 24. Rxh6 dxe4 25. Rdh1 Qg7 26. fxe4 Bxe4 27. Rh8+
Qxh8 28. Rxh8+ Kxh8 29. Nc1 Bxd3 30. Qh2+ Kg8 31. Nxd3 e4 32. Ne5 Rd1+ 33. Kb2
Nd4 34. Qf4 Rxc2+ 35. Ka3 Nf5 36. Qxe4 Rdd2 0-1

[Event "Pardubice Open A"]
[Site "?"]
[Date "2015.07.24"]
[Round "1.63"]
[White "BAGI, Mate"]
[Black "LEHMANN, Holger"]
[Result "1-0"]
[WhiteElo "2417"]
[BlackElo "2180"]
[PlyCount "131"]
[EventDate "2015.??.??"]
[WhiteClock "0:01:46"]
[BlackClock "0:00:32"]

1. e4 c5 2. Nf3 d6 3. d4 cxd4 4. Nxd4 Nf6 5. Nc3 Bd7 6. Bg5 e6 7. Qd2 h6 8.
Bxf6 Qxf6 9. Ndb5 Bxb5 10. Bxb5+ Nc6 11. O-O-O a6 12. Bxc6+ bxc6 13. f4 Qd8 14.
Qd4 Rb8 15. Rd3 Qb6 16. Ne2 Qxd4 17. Nxd4 Rb6 18. Nf3 g5 19. f5 g4 20. Nd2 d5
21. c4 Bg7 22. b3 d4 23. h3 gxh3 24. gxh3 c5 25. Rg1 Be5 26. Rf3 Ke7 27. fxe6
fxe6 28. Rgf1 Rh7 29. Rf8 Rb8 30. Rxb8 Bxb8 31. Kc2 Rg7 32. Kd3 Rg2 33. a3 a5
34. Rf3 Be5 35. Rf1 Bf6 36. b4 cxb4 37. axb4 axb4 38. c5 Rg3+ 39. Kc4 Rxh3 40.
Kxb4 Be5 41. Nc4 Bh2 42. e5 Rh5 43. Rh1 Kd7 44. Kb5 Kc7 45. c6 d3 46. Ra1 Bxe5
47. Ra7+ Kb8 48. Rb7+ Kc8 49. Nb6+ Kd8 50. Rd7+ Ke8 51. Rxd3 Kf7 52. Ka6 Rh1
53. Nc4 Ra1+ 54. Kb7 Rb1+ 55. Kc8 Bh2 56. Rh3 Rc1 57. Rxh2 Rxc4 58. c7 Kg6 59.
Kd7 Kg5 60. Re2 Kf5 61. Rh2 Rd4+ 62. Ke7 Rc4 63. Kd6 Kg5 64. Re2 Rc1 65. Re5+
Kf6 66. Rc5 1-0

[Event "Pardubice Open A"]
[Site "?"]
[Date "2015.07.24"]
[Round "1.64"]
[White "HANSCH, Stephan"]
[Black "ROEDER, Matthias"]
[Result "1/2-1/2"]
[WhiteElo "2179"]
[BlackElo "2411"]
[PlyCount "64"]
[EventDate "2015.??.??"]
[WhiteClock "0:15:21"]
[BlackClock "0:15:19"]

1. d4 Nf6 2. c4 e6 3. g3 d5 4. Nf3 Bb4+ 5. Bd2 Be7 6. Bg2 O-O 7. O-O Nbd7 8.
Qc2 a5 9. b3 Ne4 10. Nc3 f5 11. cxd5 Nxc3 12. Bxc3 exd5 13. Ne5 Nxe5 14. dxe5
c6 15. e3 Be6 16. Rad1 Qb6 17. Rd2 Rfd8 18. Rfd1 Bb4 19. h4 Bxc3 20. Qxc3 Qb4
21. Qc2 Qe7 22. Bh3 Rf8 23. f4 Rac8 24. Bg2 Rc7 25. Qc3 b6 26. Qd4 Rb8 27. Bf3
h6 28. Qb2 Kh7 29. Qc2 Kh8 30. Rc1 Rbc8 31. Rcd1 Qf7 32. Qd3 Rb8 1/2-1/2

[Event "Pardubice Open A"]
[Site "?"]
[Date "2015.07.24"]
[Round "1.65"]
[White "RESHEF, Omer"]
[Black "HAVELKA, Jan"]
[Result "1-0"]
[WhiteElo "2410"]
[BlackElo "2178"]
[PlyCount "127"]
[EventDate "2015.??.??"]
[WhiteClock "0:20:20"]
[BlackClock "0:10:23"]

1. e4 c5 2. Nf3 e6 3. g3 Nc6 4. Bg2 d5 5. exd5 exd5 6. d4 Nf6 7. O-O Bg4 8. Bg5
Be7 9. dxc5 O-O 10. Nc3 d4 11. Bxf6 Bxf6 12. Ne4 Be7 13. Qd3 Kh8 14. c3 Bxf3
15. Qxf3 f5 16. Nd6 Bxd6 17. cxd6 Qxd6 18. Rfd1 Rad8 19. Qd3 f4 20. Bxc6 Qxc6
21. cxd4 Qd5 22. b3 f3 23. Rac1 Rfe8 24. h3 h6 25. Rc5 Qxc5 26. dxc5 Rxd3 27.
Rxd3 Re1+ 28. Kh2 Re2 29. Rxf3 Rxa2 30. Rf7 a5 31. Kg2 Rc2 32. Rxb7 Rxc5 33.
Kf3 Rc2 34. Rb5 Rb2 35. Kg4 Kh7 36. f4 Ra2 37. Rb7 a4 38. b4 a3 39. f5 Rf2 40.
Ra7 a2 41. f6 Rxf6 42. Rxa2 Rb6 43. Rb2 Rb5 44. Kf4 Kg6 45. Ke4 Kf6 46. Kd4 Ke6
47. Kc4 Rg5 48. b5 Kd7 49. b6 Kc8 50. b7+ Kb8 51. Rb3 h5 52. Kd4 Rf5 53. Ke4
Rf1 54. h4 Rf6 55. Rb5 g6 56. Rb3 Ra6 57. Kf4 Ra5 58. Rb6 Ra4+ 59. Kf3 Rg4 60.
Kg2 g5 61. Rg6 Kxb7 62. Rxg5 Kc6 63. Rxg4 hxg4 64. h5 1-0

[Event "Pardubice Open A"]
[Site "?"]
[Date "2015.07.24"]
[Round "1.66"]
[White "HOLTEL, Jasper"]
[Black "ARAT, Ufuk Sezen"]
[Result "0-1"]
[WhiteElo "2177"]
[BlackElo "2409"]
[PlyCount "94"]
[EventDate "2015.??.??"]
[WhiteClock "0:23:00"]
[BlackClock "0:30:13"]

1. Nf3 g6 2. d4 Nf6 3. g3 Bg7 4. Bg2 O-O 5. O-O c5 6. c3 Na6 7. Na3 d6 8. Re1
Bf5 9. Nd2 d5 10. dxc5 Nxc5 11. Nb3 Nce4 12. Nd4 Bd7 13. c4 Qb6 14. e3 e6 15.
Qb3 Qa5 16. Re2 e5 17. Ndc2 Bc6 18. Qb4 Qc7 19. cxd5 Bxd5 20. f3 a5 21. Qe1 Nc5
22. e4 Nd3 23. Qd1 Nxc1 24. Qxc1 Be6 25. Qe3 Rfd8 26. Nb5 Qd7 27. Nc3 Bf8 28.
Kh1 Qc6 29. Qg5 Bc4 30. Ree1 Nd7 31. f4 Nc5 32. Ne3 Nd3 33. Rf1 exf4 34. e5 h6
35. Qxd8 Rxd8 36. Bxc6 fxe3 37. Bf3 Nf2+ 38. Kg2 Bxf1+ 39. Kxf1 Rd2 40. Bxb7
Ng4 41. h3 Nxe5 42. Re1 Rf2+ 43. Kg1 Rxb2 44. Be4 Bb4 45. Rc1 Kg7 46. Nd1 Rxa2
47. Nxe3 Bd2 0-1

[Event "Pardubice Open A"]
[Site "?"]
[Date "2015.07.24"]
[Round "1.68"]
[White "KARDOEUS, David"]
[Black "LOKANDER, Martin"]
[Result "0-1"]
[WhiteElo "2174"]
[BlackElo "2403"]
[PlyCount "84"]
[EventDate "2015.??.??"]
[WhiteClock "0:15:41"]
[BlackClock "1:36:45"]

1. e4 e5 2. Nf3 Nc6 3. Bb5 a6 4. Bxc6 dxc6 5. O-O Bg4 6. h3 Bh5 7. d3 f6 8. Be3
c5 9. Nbd2 Bd6 10. Qe2 Ne7 11. Rfd1 Nc6 12. c3 Bf7 13. Nb3 Qe7 14. Qc2 O-O 15.
a3 Rfe8 16. Nbd2 a5 17. b3 Rad8 18. a4 g6 19. Nf1 Rd7 20. Ng3 Nd8 21. Nh2 Be6
22. Rf1 Nf7 23. Rae1 Kg7 24. Ne2 Red8 25. Nc1 b6 26. Rd1 Qe8 27. f3 f5 28. exf5
gxf5 29. Rde1 Bd5 30. Re2 Kh8 31. Qb2 Qg8 32. Bd2 Qg6 33. f4 Kg8 34. fxe5 Bxe5
35. Nf3 Bf6 36. Bf4 Qg7 37. Rfe1 h6 38. Ne5 Nxe5 39. Bxe5 Bxe5 40. Rxe5 f4 41.
Qf2 Kh7 42. Ne2 Qxe5 0-1

[Event "Pardubice Open A"]
[Site "?"]
[Date "2015.07.24"]
[Round "1.69"]
[White "TOMAZINI, Zan"]
[Black "GREEN, Andrew D"]
[Result "1-0"]
[WhiteElo "2401"]
[BlackElo "2173"]
[PlyCount "55"]
[EventDate "2015.??.??"]
[WhiteClock "0:48:53"]
[BlackClock "0:01:04"]

1. e4 e5 2. Nf3 Nc6 3. d4 exd4 4. Nxd4 Nf6 5. Nxc6 bxc6 6. e5 Qe7 7. Qe2 Nd5 8.
Nd2 g6 9. c4 Nf4 10. Qe4 Ne6 11. f4 Bg7 12. Be2 Bb7 13. O-O O-O-O 14. Bf3 f6
15. exf6 Qxf6 16. Nb3 Rde8 17. Qd3 Re7 18. Be3 Qxb2 19. Rab1 Qa3 20. Rfd1 Rhe8
21. Bg4 d6 22. Bd4 Bxd4+ 23. Nxd4 Qxd3 24. Rxd3 c5 25. Nxe6 Rxe6 26. Re3 Kd7
27. Rxe6 Rxe6 28. Rxb7 1-0

[Event "Pardubice Open A"]
[Site "?"]
[Date "2015.07.24"]
[Round "1.70"]
[White "CHOVAN, Milan"]
[Black "KRAUS, Tomas"]
[Result "0-1"]
[WhiteElo "2172"]
[BlackElo "2399"]
[PlyCount "118"]
[EventDate "2015.??.??"]
[WhiteClock "0:01:08"]
[BlackClock "0:07:18"]

1. c4 c5 2. Nc3 g6 3. g3 Bg7 4. Bg2 Nc6 5. e3 d6 6. Nge2 Bd7 7. O-O Nf6 8. a3
h5 9. h3 Qc8 10. Kh2 Ne5 11. d3 h4 12. g4 Nfxg4+ 13. hxg4 h3 14. Be4 Nxg4+ 15.
Kh1 f5 16. Bf3 Ne5 17. Ng3 Nxf3 18. Qxf3 g5 19. Kh2 g4 20. Qe2 Be5 21. f4 gxf3
22. Qxf3 Rh4 23. Nce2 Rg4 24. e4 e6 25. Rb1 Qc7 26. Bf4 O-O-O 27. b4 Rdg8 28.
Bxe5 dxe5 29. Rg1 cxb4 30. axb4 Kb8 31. Kh1 b6 32. Nc3 Bc6 33. Nge2 h2 34. Rxg4
Rxg4 35. Rf1 Qh7 36. b5 Bb7 37. Rf2 Qh4 38. Rf1 Qg5 39. Rf2 Qh4 40. Rf1 Qg5 41.
c5 bxc5 42. Na4 Qe7 43. Rc1 Rxe4 44. Nxc5 Rxe2 45. Na6+ Bxa6 46. bxa6 Rb2 47.
Qc6 Qd8 48. Qxe6 Rb5 49. Qxf5 Qd5+ 50. Kxh2 Rb2+ 51. Kh3 Qg2+ 52. Kh4 Qh2+ 53.
Kg5 Qd2+ 54. Kg4 Qxc1 55. Qxe5+ Kc8 56. Qe6+ Kc7 57. Qe7+ Kb6 58. Qb7+ Ka5 59.
Qd5+ Rb5 0-1

[Event "Pardubice Open A"]
[Site "?"]
[Date "2015.07.24"]
[Round "1.71"]
[White "PLISCHKI, Sebastian"]
[Black "TOKRANOVS, Dmitrijs"]
[Result "1-0"]
[WhiteElo "2398"]
[BlackElo "2172"]
[PlyCount "93"]
[EventDate "2015.??.??"]
[WhiteClock "0:34:11"]
[BlackClock "0:10:23"]

1. Nf3 d5 2. d4 Nf6 3. c4 dxc4 4. e3 e6 5. Bxc4 c5 6. O-O Nc6 7. Qe2 a6 8. Rd1
Qc7 9. a3 b5 10. Ba2 Bb7 11. Nc3 Bd6 12. dxc5 Bxc5 13. b4 Bd6 14. Bb2 O-O 15.
Rac1 Rfd8 16. h3 h6 17. Nd2 Bf8 18. Nce4 Nxe4 19. Nxe4 Rxd1+ 20. Qxd1 Qd8 21.
Qg4 Ne7 22. Rd1 Nd5 23. Bxd5 Bxd5 24. Nf6+ Kh8 25. Nxd5 exd5 26. Qf5 Qe8 27.
Rxd5 Kg8 28. Rd7 a5 29. bxa5 Rxa5 30. Qd3 Ra8 31. Rb7 Rd8 32. Qe2 Rd5 33. e4
Rc5 34. Qd3 Rc4 35. e5 Bc5 36. Rd7 Bb6 37. Kh2 Rf4 38. f3 b4 39. a4 b3 40. Qb5
Bf2 41. Qd5 Qe6 42. Rd8+ Kh7 43. Qd2 Qb6 44. e6 Qc7 45. Kh1 Qc2 46. Qxf4 Qxb2
47. Qf5+ 1-0

[Event "Pardubice Open A"]
[Site "?"]
[Date "2015.07.24"]
[Round "1.72"]
[White "GALAKTIONOV, Artem"]
[Black "MALEK, Daniel"]
[Result "0-1"]
[WhiteElo "2168"]
[BlackElo "2398"]
[PlyCount "104"]
[EventDate "2015.??.??"]
[WhiteClock "0:20:35"]
[BlackClock "0:16:49"]

1. d4 Nf6 2. Nf3 e6 3. c4 d5 4. Nc3 c6 5. Bg5 h6 6. Bh4 dxc4 7. Ne5 b5 8. a4 a6
9. axb5 cxb5 10. f3 Bb7 11. e4 Be7 12. Bf2 Nbd7 13. Nxd7 Qxd7 14. Be2 O-O 15.
O-O Bd8 16. b3 b4 17. Na4 c3 18. Nc5 Qc8 19. g4 Bb6 20. h4 Rd8 21. Na4 Ba7 22.
Qe1 Rxd4 23. Bxd4 Bxd4+ 24. Kg2 e5 25. Bc4 Bc6 26. Qe2 Qb7 27. Kh2 Bb5 28. Ra2
Rc8 29. Bd3 Nd7 30. Rc1 Nf8 31. Qc2 Rd8 32. Rd1 Qe7 33. Nxc3 bxc3 34. Bxb5 axb5
35. Kg3 b4 36. Ra5 Ng6 37. Rh1 Be3 38. Rd5 Bf4+ 39. Kf2 Rxd5 40. exd5 Qc5+ 41.
Kg2 Qxd5 42. h5 Nf8 43. Rd1 Bd2 44. Ra1 Ne6 45. Qf5 Be3 46. Kg3 Bf4+ 47. Kg2
Qd2+ 48. Kf1 Bg3 49. Ra8+ Nd8 50. Rxd8+ Qxd8 51. Kg2 Qd2+ 52. Kxg3 Qf4+ 0-1

[Event "Pardubice Open A"]
[Site "?"]
[Date "2015.07.24"]
[Round "1.73"]
[White "BEN ARTZI, Ido"]
[Black "HENDRIKS, Victor"]
[Result "1-0"]
[WhiteElo "2397"]
[BlackElo "2166"]
[PlyCount "85"]
[EventDate "2015.??.??"]
[WhiteClock "0:24:19"]
[BlackClock "0:28:38"]

1. d4 Nf6 2. c4 e6 3. Nc3 Bb4 4. e3 Bxc3+ 5. bxc3 d6 6. Bd3 e5 7. e4 O-O 8. Ne2
c5 9. O-O Re8 10. f3 Nbd7 11. Bg5 h6 12. Be3 Qa5 13. Qd2 cxd4 14. cxd4 Qxd2 15.
Bxd2 exd4 16. Nxd4 Ne5 17. Be2 Be6 18. Rfc1 Rec8 19. Bb4 Ne8 20. Nxe6 fxe6 21.
c5 d5 22. exd5 exd5 23. Rd1 Nf6 24. Rac1 Re8 25. Bb5 Nc6 26. Be1 a6 27. Bf1
Rad8 28. Bg3 g5 29. Rb1 Rd7 30. Rb6 Re6 31. Bd3 Nd8 32. Rxe6 Nxe6 33. Bf5 Kf7
34. Re1 Re7 35. Bd6 Re8 36. Rb1 Nd4 37. Rxb7+ Kg8 38. Bd3 Re3 39. Bxa6 g4 40.
Rb4 Nc2 41. Rf4 d4 42. Rxf6 d3 43. Bxd3 1-0